000 00297nam a2200133Ia 4500
100 _aPless/Vera
942 _cBK
654 _aerror
245 _aIntroduction to the theory of Error correcting codes
260 _bJohn Wiley
_c1998
082 _a3.54
_bPLE
300 _a207
546 _aENGLISH
999 _c18277
_d18277